[Event "Gibraltar Masters 2019"]
[Site "Caleta"]
[Date "2019.01.24"]
[Round "3.61"]
[White "Sprenger, Jan Michael"]
[Black "Kulon, Klaudia"]
[Result "1-0"]
[WhiteElo "2498"]
[BlackElo "2347"]
[Annotator "TA"]
[PlyCount "94"]
[EventDate "2019.01.10"]
[EventType "swiss"]
[EventCountry "GGB"]

1. e4 c5 2. Nf3 Nc6 3. Nc3 d6 4. d4 cxd4 5. Nxd4 Nf6 6. Bg5 e6 7. Qd2 a6 8. O-O-O Bd7 9. f3 Nxd4 10. Qxd4 Be7 11. h4 Qc7 12. Qd2 b5 13. Ne2 a5 14. g4 b4 15. Kb1 h5 16. gxh5 Nxh5 17. Rg1 Nf6 18. Ng3 a4 19. f4 b3 20. cxb3 axb3 21. a3 Qc2+ 22. Qxc2 bxc2+ 23. Kxc2 Ng4 24. Bxe7 Kxe7 25. Rd3 Rxh4 26. Rh1 Rxh1 27. Nxh1 Rh8 28. Rh3 Rc8+ 29. Kd2 e5 30. fxe5 dxe5 31. b4 Nf6 32. Re3 Ba4 33. Bd3 Nh5 34. Nf2 Nf4 35. Bb1 Rd8+ 36. Kc3 Rc8+ 37. Kb2 Rd8 38. Nd3 Nxd3+ 39. Bxd3 Rc8 40. Rf3 g6 41. Rf2 Rc6 42. Rg2 Rc8 43. Bb1 Rh8 44. Bc2 Bxc2 45. Rxc2 f5 46. b5 f4 47. Kc3 Rc8+ 1-0

[Event "Gibraltar Masters 2019"]
[Site "Caleta"]
[Date "2019.01.24"]
[Round "3.62"]
[White "Chandra, Akshat"]
[Black "Fenollar Jorda, Manuel"]
[Result "1-0"]
[WhiteElo "2492"]
[BlackElo "2342"]
[Annotator "TA"]
[PlyCount "134"]
[EventDate "2019.01.10"]
[EventType "swiss"]
[EventCountry "GGB"]

1. e4 Nf6 2. e5 Ng8 3. d4 d6 4. Nf3 Bg4 5. Be2 d5 6. h3 Bxf3 7. Bxf3 e6 8. O-O c6 9. Be2 g6 10. b3 c5 11. Bb2 cxd4 12. Qxd4 Nc6 13. Qe3 Nge7 14. Bd3 Nf5 15. Bxf5 gxf5 16. Nd2 Qh4 17. Nf3 Qh5 18. Nd4 Rg8 19. Qf3 Qxf3 20. Nxf3 Rc8 21. Ne1 Rc7 22. Nd3 Nb4 23. Ne1 Bh6 24. c3 Na6 25. Nf3 Nc5 26. Bc1 Bxc1 27. Rfxc1 Nd3 28. Rc2 Nf4 29. g3 Nxh3+ 30. Kh2 Ng5 31. Nxg5 Rxg5 32. Re1 Ke7 33. Re3 Rg8 34. Rd2 Rgc8 35. Rdd3 a5 36. Kg2 a4 37. Kf3 axb3 38. axb3 Rc6 39. Kg2 Rb6 40. b4 Rc4 41. Re1 Rbc6 42. Ree3 Ra6 43. Kf3 Ra2 44. Re1 Rc2 45. Ree3 Kd7 46. Kg2 Kc6 47. Rf3 Kb5 48. Rf4 Rxf4 49. gxf4 Kc4 50. Rh3 Rxc3 51. Rxh7 Kxb4 52. Rxf7 b5 53. Rb7 Rc6 54. Kf3 Kc4 55. Ke3 b4 56. Kd2 b3 57. Kc1 Kc3 58. Rb8 d4 59. Rb7 d3 60. Rd7 b2+ 61. Kb1 d2 62. Rd8 d1=B 63. Rxd1 Ra6 64. Rd3+ Kxd3 65. Kxb2 Rb6+ 66. Kc1 Rb4 67. f3 Rb3 1-0

[Event "Gibraltar Masters 2019"]
[Site "Caleta"]
[Date "2019.01.24"]
[Round "3.63"]
[White "Goriatchkin, Jouri"]
[Black "Repka, Christopher"]
[Result "0-1"]
[WhiteElo "2325"]
[BlackElo "2491"]
[Annotator "TA"]
[PlyCount "96"]
[EventDate "2019.01.10"]
[EventType "swiss"]
[EventCountry "GGB"]

1. c4 e5 2. Nc3 Nf6 3. g3 c6 4. d4 e4 5. Nh3 h6 6. d5 Bb4 7. Bd2 Qe7 8. Bg2 O-O 9. O-O a5 10. Na4 b5 11. cxb5 cxb5 12. Nc3 Bxc3 13. Bxc3 d6 14. a3 Nbd7 15. f3 e3 16. Qd3 Nc5 17. Bxf6 Qxf6 18. Qxe3 Bxh3 19. Bxh3 Rfe8 20. Qf2 Qxb2 21. Rfb1 Qf6 22. Ra2 Reb8 23. e4 Qc3 24. Bf1 b4 25. axb4 axb4 26. Rc2 Qf6 27. Qe3 b3 28. e5 Qf5 29. Rcc1 b2 30. Rd1 Qxe5 31. Qxe5 dxe5 32. Rd2 Na4 33. d6 Kf8 34. Bh3 g6 35. Kg2 Rd8 36. Kf2 Rab8 37. Ke1 Rb4 38. Bf1 Rdb8 39. Rc2 Rd4 40. Rd2 Ke8 41. Be2 Kd7 42. f4 Kxd6 43. fxe5+ Kxe5 44. Rc2 Rb3 45. Bd1 Rc3 46. Re2+ Kd5 47. Bc2 Kc4 48. Rd2 Re3+ 0-1

[Event "Gibraltar Masters 2019"]
[Site "Caleta"]
[Date "2019.01.24"]
[Round "3.76"]
[White "Benmesbah, Natacha"]
[Black "Tokhirjonova, Gulrukhbegim"]
[Result "1-0"]
[WhiteElo "2252"]
[BlackElo "2446"]
[Annotator "TA"]
[PlyCount "159"]
[EventDate "2019.01.10"]
[EventType "swiss"]
[EventCountry "GGB"]

1. d4 Nf6 2. c4 e6 3. g3 Bb4+ 4. Bd2 a5 5. Bg2 O-O 6. e4 d6 7. Ne2 c5 8. O-O cxd4 9. Nxd4 Bc5 10. Nc2 e5 11. Nc3 Be6 12. b3 Nc6 13. h3 Nd7 14. Be3 Ra6 15. Qd2 Nb4 16. Rfe1 Nxc2 17. Qxc2 Bb4 18. Red1 Bxc3 19. Qxc3 Qc7 20. f4 f6 21. f5 Bf7 22. Qe1 a4 23. g4 axb3 24. axb3 Rfa8 25. Rxa6 Rxa6 26. h4 Kf8 27. Bf3 Nc5 28. Qb4 Ke7 29. Rb1 Ra2 30. g5 Qc6 31. Rd1 Rb2 32. h5 h6 33. gxh6 gxh6 34. Qa5 Rxb3 35. Bf2 Nd3 36. Be3 Nc5 37. Bf2 Nd3 38. Be3 Nb2 39. Rxd6 Kxd6 40. Qd8+ Qd7 41. c5+ Kc6 42. Qxf6+ Kb5 43. Qb6+ Kc4 44. Be2+ Kc3 45. Qd6 Qxd6 46. cxd6 Ra3 47. Bxh6 Kd4 48. d7 Ra8 49. Bg5 Kxe4 50. Bg4 Bxh5 51. Bxh5 Kxf5 52. d8=Q Rxd8 53. Bxd8 Ke4 54. Bf7 Kd3 55. Bf6 Nc4 56. Be8 Kd4 57. Kg2 Nd6 58. Bd7 b5 59. Be7 Kd5 60. Kf3 e4+ 61. Kf4 b4 62. Ba4 e3 63. Bb3+ Kc6 64. Kf3 Kc7 65. Ba4 b3 66. Bxb3 Nf5 67. Bf6 Kd6 68. Bc4 Ne7 69. Ke4 Kc5 70. Bf7 Kd6 71. Be5+ Kc5 72. Kxe3 Nf5+ 73. Kd3 Nd6 74. Be6 Nb5 75. Bg3 Nd6 76. Bf2+ Kc6 77. Kd4 Kb7 78. Bd5+ Kc7 79. Bf3 Kb8 80. Bg3 1-0

[Event "Gibraltar Masters 2019"]
[Site "Caleta"]
[Date "2019.01.24"]
[Round "3.77"]
[White "Tomazini, Zan"]
[Black "Fuchs, Judith"]
[Result "1/2-1/2"]
[WhiteElo "2439"]
[BlackElo "2249"]
[Annotator "TA"]
[PlyCount "35"]
[EventDate "2019.01.10"]
[EventType "swiss"]
[EventCountry "GGB"]

1. d4 Nf6 2. c4 e6 3. Nf3 d5 4. e3 Be7 5. Nc3 O-O 6. b3 b6 7. Bb2 Bb7 8. Bd3 Nbd7 9. O-O Ne4 10. Rc1 Nxc3 11. Bxc3 Bd6 12. Bb2 dxc4 13. bxc4 Qe7 14. e4 e5 15. c5 bxc5 16. dxe5 Nxe5 17. Bxe5 Bxe5 18. Qb3 1/2-1/2

[Event "Gibraltar Masters 2019"]
[Site "Caleta"]
[Date "2019.01.24"]
[Round "3.78"]
[White "Raja Rithvik R"]
[Black "Villar Reymundo, Juan Antonio"]
[Result "1-0"]
[WhiteElo "2431"]
[BlackElo "2237"]
[Annotator "TA RC"]
[PlyCount "145"]
[EventDate "2019.01.10"]
[EventType "swiss"]
[EventCountry "GGB"]

1. e4 d6 2. d4 Nf6 3. Nc3 g6 4. f4 Bg7 5. Bd3 Na6 6. Nf3 O-O 7. O-O c5 8. d5 Nc7 9. a4 Bg4 10. h3 Bxf3 11. Qxf3 e6 12. Bd2 a6 13. a5 Nd7 14. Kh1 e5 15. f5 Bf6 16. Bh6 Bg7 17. Be3 Bf6 18. Nd1 Bg5 19. c3 Bxe3 20. Nxe3 Qg5 21. Nc4 Ne8 22. b4 cxb4 23. cxb4 Ndf6 24. Qe3 Qxe3 25. Nxe3 Nc7 26. Nc4 Rad8 27. g4 g5 28. Kg2 Kg7 29. Rac1 Nce8 30. Nd2 h5 31. Kg3 Rg8 32. Rc2 Kf8 33. Rb1 hxg4 34. hxg4 Nd7 35. Rbc1 Ke7 36. Nf3 Ndf6 37. Rc4 Ra8 38. Bc2 Kd8 39. Ba4 Rb8 40. Ng1 Nd7 41. Bxd7 Kxd7 42. Nf3 Kd8 43. Kg2 Nf6 44. Kg3 Ne8 45. R1c2 Nf6 46. Ng1 Ne8 47. Nh3 Rg7 48. Nf2 Rh7 49. Rc1 Rh8 50. R4c3 Rh7 51. Nh3 f6 52. Ng1 Nc7 53. Nf3 Nb5 54. Rc4 Kd7 55. Kf2 Rbh8 56. Kg2 Rb8 57. Kf2 Rhh8 58. Ke2 Rbg8 59. Ke3 Rh7 60. Kf2 Rgh8 61. Kg2 Rh3 62. R4c2 R3h7 63. Rc4 Rb8 64. Kf2 Rh3 65. R4c2 Rxf3+ 66. Kxf3 Nd4+ 67. Kg3 Nxc2 68. Rxc2 Rh8 69. Rc1 Rh7 70. Kg2 Rh4 71. Kg3 Rh8 72. Kg2 Rh4 73. Kg3 1-0

[Event "Gibraltar Masters 2019"]
[Site "Caleta"]
[Date "2019.01.24"]
[Round "3.79"]
[White "Solozhenkin, Evgeniy"]
[Black "Dolzhikova, Olga"]
[Result "1-0"]
[WhiteElo "2427"]
[BlackElo "2224"]
[Annotator "TA"]
[PlyCount "40"]
[EventDate "2019.01.10"]
[EventType "swiss"]
[EventCountry "GGB"]

1. Nf3 Nf6 2. g3 b6 3. Bg2 Bb7 4. c4 e6 5. O-O Be7 6. Nc3 O-O 7. Re1 d5 8. cxd5 exd5 9. d4 Nbd7 10. Bf4 c5 11. dxc5 Nxc5 12. Rc1 Nfe4 13. Be5 Re8 14. a3 Bf6 15. Bxf6 Qxf6 16. Qd4 Qf5 17. Rcd1 Ne6 18. Qe3 Nxc3 19. Qxc3 Rac8 20. Nd4 Nxd4 1-0

[Event "Gibraltar Masters 2019"]
[Site "Caleta"]
[Date "2019.01.24"]
[Round "3.80"]
[White "Kozak, Adam"]
[Black "Sanchez Jerez, Emilio Miguel"]
[Result "1-0"]
[WhiteElo "2425"]
[BlackElo "2183"]
[Annotator "TA"]
[PlyCount "109"]
[EventDate "2019.01.10"]
[EventType "swiss"]
[EventCountry "GGB"]

1. e4 e5 2. Bc4 Nf6 3. d3 Nc6 4. Nf3 Bc5 5. O-O O-O 6. c3 d6 7. Nbd2 a5 8. h3 h6 9. Re1 Be6 10. Bb5 Qb8 11. a4 Qa7 12. Re2 Ne7 13. Bc4 Nh5 14. Bxe6 fxe6 15. Nb3 Bb6 16. d4 Rxf3 17. gxf3 Ng6 18. Be3 Rf8 19. Rc2 Nh4 20. f4 Nxf4 21. Qg4 Nhg2 22. Kh2 Rf6 23. Rg1 Rg6 24. Qd1 Qb8 25. Bxf4 Nxf4 26. Rxg6 Nxg6 27. Qg4 Qe8 28. Nd2 Kh7 29. b3 Qf7 30. Qf3 Qe7 31. Nc4 Nh4 32. Qg3 exd4 33. Nxb6 cxb6 34. cxd4 Qf6 35. f4 d5 36. e5 Qe7 37. Qd3+ Nf5 38. Kg2 Qh4 39. Rf2 Kg8 40. Qc3 Kh7 41. Rf3 Qh5 42. Kf2 Qh4+ 43. Kf1 Qh5 44. Qd3 Qg6 45. Kf2 Qh5 46. Ke1 Qg6 47. Kf1 Qh5 48. Kf2 Kh8 49. Qc3 Kh7 50. Qc2 Qh4+ 51. Kf1 Qh5 52. Rc3 Qh4 53. Rf3 Qh5 54. Rc3 Qh4 55. Rf3 1-0

[Event "Gibraltar Masters 2019"]
[Site "Caleta"]
[Date "2019.01.24"]
[Round "3.81"]
[White "Bjerre, Jonas Buhl"]
[Black "Weisbuch, Udi"]
[Result "1-0"]
[WhiteElo "2422"]
[BlackElo "2172"]
[Annotator "TA"]
[PlyCount "77"]
[EventDate "2019.01.10"]
[EventType "swiss"]
[EventCountry "GGB"]

1. e4 c5 2. Nf3 e6 3. d4 cxd4 4. Nxd4 Nc6 5. Nc3 Qc7 6. Be3 a6 7. Qd2 Nf6 8. f4 Bb4 9. Bd3 Na5 10. a3 Bxc3 11. Qxc3 Qxc3+ 12. bxc3 d5 13. exd5 exd5 14. Nb3 Nc4 15. Bd4 Ne4 16. Nc5 Ncd6 17. Nxe4 dxe4 18. Be2 Be6 19. O-O-O Nf5 20. Bb6 Ne7 21. g4 f5 22. gxf5 Nxf5 23. Rhe1 Kf7 24. c4 Rac8 25. c5 Rhe8 26. Bf1 e3 27. Bg2 Re7 28. a4 Nh4 29. Bh1 Bg4 30. Rd8 Rc6 31. Bd5+ Kg6 32. Rd6+ Kh5 33. Bd8 Rxd6 34. cxd6 Rd7 35. Bc7 e2 36. Bxb7 Rf7 37. Bxa6 Ng2 38. Rxe2 Nxf4 39. Re7 1-0

[Event "Gibraltar Masters 2019"]
[Site "Caleta"]
[Date "2019.01.24"]
[Round "3.82"]
[White "Wemmers, Xander"]
[Black "De Seroux, Camille"]
[Result "1-0"]
[WhiteElo "2418"]
[BlackElo "2145"]
[Annotator "TA"]
[PlyCount "55"]
[EventDate "2019.01.10"]
[EventType "swiss"]
[EventCountry "GGB"]

1. d4 Nf6 2. Bg5 e6 3. Nd2 h6 4. Bh4 c5 5. e4 cxd4 6. e5 g5 7. Bg3 Nd5 8. h4 gxh4 9. Bxh4 Qc7 10. Ngf3 Nc6 11. Bc4 Nb6 12. Qe2 Nxc4 13. Nxc4 b5 14. Ncd2 Bg7 15. Ne4 Qa5+ 16. Kf1 b4 17. Kg1 Ba6 18. Nd6+ Kf8 19. Qe4 Kg8 20. Rh3 Qd5 21. Qf4 Nxe5 22. Nxe5 Qxe5 23. Qxf7+ Kh7 24. f4 Qxd6 25. Bg5 e5 26. Bxh6 Qxh6 27. Rxh6+ Kxh6 28. Kf2 1-0

[Event "Gibraltar Masters 2019"]
[Site "Caleta"]
[Date "2019.01.24"]
[Round "3.83"]
[White "Moksh Amit Doshi"]
[Black "Tsolakidou, Stavroula"]
[Result "0-1"]
[WhiteElo "2242"]
[BlackElo "2414"]
[Annotator "TA RC"]
[PlyCount "89"]
[EventDate "2019.01.10"]
[EventType "swiss"]
[EventCountry "GGB"]

1. d4 Nf6 2. c4 e6 3. Nf3 d5 4. Nc3 c6 5. e3 Nbd7 6. Qc2 Bd6 7. b3 O-O 8. Bb2 b6 9. Bd3 Bb7 10. O-O c5 11. cxd5 exd5 12. dxc5 bxc5 13. e4 d4 14. Nb5 Bb8 15. b4 cxb4 16. Rad1 Qe7 17. Nbxd4 Rc8 18. Nf5 Qf8 19. Qd2 a5 20. Qg5 Rc5 21. Bd4 Kh8 22. Bxc5 Nxc5 23. e5 Ne8 24. Be2 Ne4 25. Qe3 Nc3 26. Rd2 Ba7 27. N5d4 Rd8 28. Qg5 Nc7 29. Qh4 h6 30. Bc4 Ne4 31. Rdd1 Bb6 32. Qf4 Nc3 33. Rd2 N7d5 34. Qf5 Ne7 35. Qh5 Ne4 36. Rd3 Nd5 37. Qh4 Ndc3 38. e6 f6 39. Ne5 g5 40. e7 gxh4 41. Ng6+ Kg7 42. Ne6+ Kxg6 43. Nxf8+ Kf5 44. Rxd8 Bc6 45. Nd7 0-1

[Event "Gibraltar Masters 2019"]
[Site "Caleta"]
[Date "2019.01.24"]
[Round "3.84"]
[White "Solomon, Kenny"]
[Black "Cholleti Sahajasri"]
[Result "1-0"]
[WhiteElo "2413"]
[BlackElo "2122"]
[Annotator "TA"]
[PlyCount "115"]
[EventDate "2019.01.10"]
[EventType "swiss"]
[EventCountry "GGB"]

1. e4 d6 2. d4 Nf6 3. Nc3 g6 4. g3 Bg7 5. Bg2 Nfd7 6. Be3 c5 7. dxc5 Nxc5 8. Nge2 Nc6 9. Qd2 h5 10. h3 Bd7 11. f4 Qa5 12. a3 Na4 13. Nxa4 Qxa4 14. O-O-O Na5 15. Nc3 Bxc3 16. Qxc3 O-O 17. Rd4 Rfc8 18. Qxc8+ Rxc8 19. Rxa4 Bxa4 20. c3 Nb3+ 21. Kb1 Bc6 22. Bxa7 Nd2+ 23. Kc2 Nxe4 24. Rg1 f5 25. Bd4 Kf7 26. Bf1 g5 27. b3 e6 28. a4 Rg8 29. Bc4 Nf6 30. a5 gxf4 31. gxf4 Bg2 32. Be2 Be4+ 33. Kd2 Rxg1 34. Bxg1 e5 35. Bc4+ Ke7 36. Bh2 Nd7 37. h4 Kf6 38. Be2 Nc5 39. b4 Ne6 40. Ke3 Nc7 41. c4 Ke6 42. b5 d5 43. fxe5 dxc4 44. Bxc4+ Bd5 45. Be2 Be4 46. Kd4 Kd7 47. Bf4 Bg2 48. Bg3 Bh1 49. b6 Ne6+ 50. Ke3 Nd8 51. Bxh5 Nc6 52. Bg6 Nxa5 53. h5 Be4 54. h6 f4+ 55. Kxe4 fxg3 56. h7 g2 57. h8=Q g1=Q 58. Qe8# 1-0

[Event "Gibraltar Masters 2019"]
[Site "Caleta"]
[Date "2019.01.24"]
[Round "3.87"]
[White "Lim, Zhuo Ren"]
[Black "Tari, Aryan"]
[Result "0-1"]
[WhiteElo "2178"]
[BlackElo "2625"]
[Annotator "TA"]
[PlyCount "155"]
[EventDate "2019.01.10"]
[EventType "swiss"]
[EventCountry "GGB"]

1. c4 Nf6 2. Nc3 c5 3. Nf3 d5 4. cxd5 Nxd5 5. Qa4+ Bd7 6. Qb3 Nxc3 7. dxc3 Qb6 8. Ne5 Qxb3 9. axb3 Nc6 10. Nxd7 Kxd7 11. h4 e6 12. h5 Bd6 13. g3 Kc7 14. Bg2 Rhd8 15. Be4 h6 16. Bc2 b5 17. Rh4 a5 18. Be3 Bf8 19. Bd3 Rab8 20. Bf4+ e5 21. Be3 f6 22. Kf1 Kb6 23. Kg2 Kc7 24. Be4 Kb6 25. Rhh1 b4 26. Ra4 Kc7 27. Bc2 Rb7 28. Rh4 Kb6 29. Rc4 Rbd7 30. Be4 Rc7 31. Bxc6 Rxc6 32. cxb4 axb4 33. Raxb4+ Kc7 34. Rb5 Rb6 35. Ra5 Rxb3 36. Bxc5 Bxc5 37. Raxc5+ Kd6 38. Rc6+ Ke7 39. Rc7+ Rd7 40. Rxd7+ Kxd7 41. Rg4 Rxb2 42. Rxg7+ Ke6 43. e4 Rb4 44. Kf3 Rb3+ 45. Kg2 Rb4 46. f3 Rb2+ 47. Kh3 Rf2 48. Kg4 Rh2 49. Rh7 Rh1 50. Rxh6 Rh2 51. Rh8 Rh1 52. Ra8 Rh2 53. Ra6+ Kf7 54. Ra5 Ke6 55. f4 exf4 56. Kxf4 Rh1 57. Rf5 Rf1+ 58. Kg4 Rh1 59. Ra5 Rh2 60. Kf3 Rh1 61. Kg2 Rb1 62. Ra6+ Ke5 63. h6 Rb7 64. Kf3 Rh7 65. Ra5+ Ke6 66. Rh5 Kf7 67. Kf4 Kg6 68. Rh1 Rh8 69. h7 Rxh7 70. Rxh7 Kxh7 71. Kf5 Kg7 72. Ke6 Kg6 73. g4 Kg7 74. Ke7 Kg6 75. Kf8 Kh6 76. Kf7 Kg5 77. Kg7 Kxg4 78. Kxf6 0-1

[Event "Gibraltar Masters 2019"]
[Site "Caleta"]
[Date "2019.01.24"]
[Round "3.88"]
[White "Kiik, Kalle"]
[Black "Priyanka Nutakki"]
[Result "1-0"]
[WhiteElo "2410"]
[BlackElo "2195"]
[Annotator "TA"]
[PlyCount "131"]
[EventDate "2019.01.10"]
[EventType "swiss"]
[EventCountry "GGB"]

1. e4 c5 2. Nf3 e6 3. d4 cxd4 4. Nxd4 a6 5. Bd3 g6 6. c4 Bg7 7. Nc2 Nf6 8. Nc3 d6 9. O-O O-O 10. Be3 Nbd7 11. Be2 Qc7 12. f3 b6 13. Qd2 Bb7 14. Rfd1 Ne8 15. Rac1 Rc8 16. Kh1 Qb8 17. Bd4 Bxd4 18. Nxd4 Nc5 19. b4 Nd7 20. Qh6 Nef6 21. Nc2 Rfd8 22. Ne3 Nf8 23. Qh4 Kg7 24. Rd4 h6 25. f4 b5 26. Rcd1 Rd7 27. Qg3 bxc4 28. Nxc4 e5 29. Rxd6 Rxc4 30. Bxc4 Rxd6 31. Rxd6 Qxd6 32. fxe5 Qe7 33. exf6+ Qxf6 34. h3 Qe7 35. Qf2 Nd7 36. Qd4+ Kh7 37. a3 Ne5 38. Bd5 Bc8 39. Qc5 Qh4 40. Qe3 Bxh3 41. gxh3 Ng4 42. Qd4 Qxh3+ 43. Kg1 Ne3 44. Kf2 Nc2 45. Qf6 Qe3+ 46. Kg2 Qd2+ 47. Kg3 Qe1+ 48. Kh2 Qd2+ 49. Kh3 Qd3+ 50. Kg2 Qd2+ 51. Qf2 Qxc3 52. Qxf7+ Qg7 53. Qxg7+ Kxg7 54. Bb7 Nxa3 55. Bxa6 Kf6 56. Bd3 Ke5 57. Kf3 Kd4 58. b5 Kc5 59. Kf4 Nxb5 60. Bxb5 Kxb5 61. Ke5 h5 62. Kd6 h4 63. e5 h3 64. e6 h2 65. e7 h1=Q 66. e8=Q+ 1-0

[Event "Gibraltar Masters 2019"]
[Site "Caleta"]
[Date "2019.01.25"]
[Round "4"]
[White "Harsha Bharathakoti"]
[Black "Melkumyan, Hrant"]
[Result "1-0"]
[WhiteElo "2481"]
[BlackElo "2660"]
[Annotator "TA"]
[PlyCount "93"]
[EventDate "2019.01.10"]
[EventType "swiss"]
[EventCountry "GGB"]
[SourceTitle "playchess.com"]
[Source "ChessBase"]
[SourceQuality "1"]

1. d4 Nf6 2. c4 g6 3. Nc3 d5 4. cxd5 Nxd5 5. e4 Nxc3 6. bxc3 Bg7 7. Bg5 c5 8. Rc1 O-O 9. Nf3 Bg4 10. d5 Qd6 11. Be2 Nd7 12. Nd2 Bxe2 13. Qxe2 e6 14. Nc4 Qa6 15. Ne3 b5 16. O-O c4 17. f4 Rae8 18. Qf3 f6 19. Bh4 Nc5 20. Rce1 Nd3 21. Re2 g5 22. Bg3 f5 23. fxg5 f4 24. Ng4 fxg3 25. Nf6+ Kh8 26. hxg3 Bxf6 27. gxf6 e5 28. Qf5 Rf7 29. g4 Qd6 30. g3 Rg8 31. g5 Rg6 32. Rh2 Kg8 33. Rxh7 Kxh7 34. Kg2 Nf4+ 35. Kf3 Nh5 36. Rh1 Rfxf6 37. gxf6 Qxf6 38. Rxh5+ Kg7 39. Qxf6+ Rxf6+ 40. Rf5 Ra6 41. Rxe5 Ra3 42. d6 Rxc3+ 43. Ke2 Kf7 44. d7 Rd3 45. Rd5 Rxd5 46. exd5 Ke7 47. g4 1-0

[Event "Gibraltar Masters 2019"]
[Site "Caleta"]
[Date "2019.01.25"]
[Round "4"]
[White "Wemmers, Xander"]
[Black "Zanan, Evgeny"]
[Result "0-1"]
[WhiteElo "2418"]
[BlackElo "2528"]
[Annotator "ChessBase"]
[PlyCount "62"]
[EventDate "2019.01.10"]
[EventType "swiss"]
[EventCountry "GGB"]
[SourceTitle "playchess.com"]
[Source "ChessBase"]
[SourceQuality "1"]

1. d4 Nf6 2. c4 e6 3. Nc3 Bb4 4. e3 b6 5. Nge2 c5 6. a3 Ba5 7. Bd2 O-O 8. Rb1 Bxc3 9. Nxc3 Bb7 10. dxc5 bxc5 11. Bd3 d5 12. O-O Nbd7 13. cxd5 Ne5 14. Be2 exd5 15. Na4 Ne4 16. Bc3 Qe8 17. Bxe5 Qxe5 18. Bf3 d4 19. exd4 cxd4 20. Re1 f5 21. Rc1 Rac8 22. Qb3+ Bd5 23. Qd3 Rfe8 24. Qa6 Rxc1 25. Rxc1 Bb3 26. Qd3 Bxa4 27. Qc4+ Qe6 28. Qxa4 Nc3 29. Qxe8+ Qxe8 30. bxc3 dxc3 31. g3 Qe7 0-1

[Event "Gibraltar Masters 2019"]
[Site "Caleta"]
[Date "2019.01.25"]
[Round "4"]
[White "Tsolakidou, Stavroula"]
[Black "Demuth, Adrien"]
[Result "1/2-1/2"]
[WhiteElo "2414"]
[BlackElo "2517"]
[Annotator "TA"]
[PlyCount "62"]
[EventDate "2019.01.10"]
[EventType "swiss"]
[EventCountry "GGB"]
[SourceTitle "playchess.com"]
[Source "ChessBase"]
[SourceQuality "1"]

1. e4 c5 2. Nf3 d6 3. Bb5+ Nd7 4. c3 Ngf6 5. Bd3 b6 6. O-O Bb7 7. Re1 Qc7 8. Bc2 Rc8 9. Na3 e6 10. d4 cxd4 11. Nb5 Qc5 12. Nbxd4 Be7 13. Ng5 O-O 14. Be3 Qc7 15. Ngxe6 fxe6 16. Nxe6 Qc6 17. Nxf8 Rxf8 18. Bd4 Kh8 19. a4 Nc5 20. f3 Ne6 21. Be3 Qc7 22. Kh1 Nh5 23. Bb3 Nc5 24. Bd5 Ba6 25. c4 Nf6 26. Ra3 Nxd5 27. cxd5 Bh4 28. Rg1 Qf7 29. b4 Nd7 30. b5 Bc8 31. Rf1 Bf6 1/2-1/2

[Event "Gibraltar Masters 2019"]
[Site "Caleta"]
[Date "2019.01.25"]
[Round "4.72"]
[White "Kavutskiy, Konstantin"]
[Black "Srija, Seshadri"]
[Result "1-0"]
[WhiteElo "2424"]
[BlackElo "2210"]
[Annotator "RC"]
[PlyCount "61"]
[EventDate "2019.01.10"]
[EventType "swiss"]
[EventCountry "GGB"]

1. Nf3 d5 2. e3 Nf6 3. c4 e6 4. b3 Bd6 5. Bb2 b6 6. Nc3 c6 7. d4 Bb7 8. Bd3 Nbd7 9. O-O O-O 10. Qc2 Rc8 11. e4 dxe4 12. Nxe4 Nxe4 13. Bxe4 f5 14. Bd3 c5 15. d5 exd5 16. cxd5 g6 17. Rfe1 c4 18. bxc4 Bxd5 19. Qb3 Bxf3 20. c5+ Rf7 21. cxd6 Qg5 22. Bf1 Be4 23. f3 Bc2 24. Qd5 Nf6 25. Qe6 Rcf8 26. Bc4 Kg7 27. d7 Qd2 28. Re2 Qb4 29. Rxc2 Re7 30. Bxf6+ Rxf6 31. Qxf6+ 1-0

[Event "Gibraltar Masters 2019"]
[Site "Caleta"]
[Date "2019.01.25"]
[Round "4.83"]
[White "Zhukova, Natalia"]
[Black "Phadke Sohan"]
[Result "1-0"]
[WhiteElo "2377"]
[BlackElo "2191"]
[PlyCount "61"]
[EventDate "2019.01.10"]
[EventType "swiss"]
[EventCountry "GGB"]

1. d4 f5 2. c4 e6 3. Nc3 Nf6 4. Qc2 b6 5. Bf4 Bb7 6. e3 Bb4 7. Nge2 O-O 8. a3 Bd6 9. Bxd6 cxd6 10. d5 exd5 11. cxd5 Na6 12. Nd4 g6 13. Bc4 Kg7 14. O-O Rc8 15. Qe2 Nc7 16. Rfd1 Qe7 17. Nf3 Ne4 18. Rac1 Rce8 19. Rd4 Qf6 20. Qd1 g5 21. Nd2 Nxc3 22. Rxc3 Re7 23. Nf1 Re4 24. Rxe4 fxe4 25. Rc2 Qe5 26. Rd2 Ne8 27. Qa4 a5 28. Qb5 Nf6 29. Qxb6 Rc8 30. b3 Rc5 31. Qxb7 1-0

[Event "Gibraltar Masters 2019"]
[Site "Caleta"]
[Date "2019.01.25"]
[Round "4.112"]
[White "Dasaolu, Rotimi"]
[Black "Movileanu, Daniela"]
[Result "1/2-1/2"]
[WhiteElo "2038"]
[BlackElo "2174"]
[PlyCount "152"]
[EventDate "2019.01.10"]
[EventType "swiss"]
[EventCountry "GGB"]

1. e4 c5 2. Nf3 d6 3. Bb5+ Nd7 4. c3 Ngf6 5. Qe2 a6 6. Ba4 g6 7. O-O Bg7 8. d4 b5 9. Bc2 e5 10. Rd1 Qc7 11. a4 Rb8 12. Na3 Qb6 13. h3 O-O 14. Be3 Qb7 15. axb5 axb5 16. d5 Rd8 17. b4 cxb4 18. cxb4 Nf8 19. Bd3 Bd7 20. Nd2 Nh5 21. Nb3 Nf4 22. Qd2 Nxd3 23. Qxd3 Rbc8 24. Na5 Qb8 25. Rac1 Qa8 26. Bb6 Bh6 27. Rc6 Bxc6 28. dxc6 Re8 29. Nxb5 Qa6 30. Bc7 Ne6 31. Bxd6 Rxc6 32. Nxc6 Qxc6 33. Bxe5 Ng5 34. Qd5 Qxd5 35. Rxd5 Nxe4 36. Nc7 Rb8 37. b5 Bf8 38. Kf1 f6 39. Bd4 Rb7 40. b6 Nd2+ 41. Ke2 Nc4 42. Rd8 Kf7 43. Nd5 f5 44. Rc8 Nd6 45. Rc7+ Ke8 46. Nf6+ Kd8 47. Nxh7 Be7 48. Rc2 Nb5 49. Be3 f4 50. Rd2+ Ke8 51. Bxf4 Rxb6 52. Kf3 Rc6 53. Ng5 Rc3+ 54. Ke2 Rc4 55. Be3 Ra4 56. Nf3 Nc3+ 57. Kd3 Nd5 58. Rb2 Bf6 59. Rb7 Ra3+ 60. Ke4 Nc3+ 61. Kd3 Nd5+ 62. Kd2 Nxe3 63. fxe3 Ra2+ 64. Kd3 Rxg2 65. Ke4 Rg3 66. Rh7 Be7 67. Ne5 Bd6 68. Ng4 Bc5 69. Kf4 Rg1 70. Ke5 Re1 71. e4 Ba3 72. Kd5 Rd1+ 73. Ke6 Rd6+ 74. Ke5 Rd1 75. Kf6 Rd6+ 76. Ke5 Rd1 1/2-1/2

[Event "Gibraltar Masters 2019"]
[Site "Caleta"]
[Date "2019.01.27"]
[Round "6"]
[White "Short, Nigel D"]
[Black "Aronian, Levon"]
[Result "0-1"]
[WhiteElo "2648"]
[BlackElo "2767"]
[Annotator "TA"]
[PlyCount "105"]
[EventDate "2019.01.10"]
[EventType "swiss"]
[EventCountry "GGB"]
[SourceTitle "playchess.com"]
[Source "ChessBase"]
[SourceQuality "1"]

1. e4 c5 2. Nf3 d6 3. d4 cxd4 4. Nxd4 Nf6 5. Nc3 a6 6. a3 e5 7. Nf3 h6 8. Bc4 Be6 9. Bxe6 fxe6 10. O-O Nbd7 11. Ne1 Be7 12. Nd3 O-O 13. f4 Qc7 14. Kh1 Qc4 15. Qe1 Nc5 16. Nxc5 Qxc5 17. Bd2 exf4 18. Rxf4 g5 19. Rf3 Ng4 20. Be3 Nxe3 21. Rxe3 Bf6 22. Rd1 Be5 23. Rdd3 Rac8 24. h3 Qb6 25. b4 a5 26. Qd1 axb4 27. axb4 Rf6 28. Ne2 Rcf8 29. Rf3 Rxf3 30. gxf3 Qf2 31. f4 gxf4 32. Qg1+ Qxg1+ 33. Nxg1 Rc8 34. Nf3 Rxc2 35. b5 Rb2 36. Nxe5 dxe5 37. Rd8+ Kf7 38. Rd7+ Kf6 39. Rxb7 Rb4 40. b6 Rxe4 41. Rb8 Rb4 42. b7 Kg7 43. Re8 Rxb7 44. Rxe6 Rb1+ 45. Kg2 Re1 46. Kf3 h5 47. h4 Re3+ 48. Kf2 e4 49. Kf1 f3 50. Re5 Kf6 51. Rxh5 Ra3 52. Rh8 Kg7 53. Ke1 0-1

[Event "Gibraltar Masters 2019"]
[Site "Caleta"]
[Date "2019.01.27"]
[Round "6"]
[White "Mikhalevski, Victor"]
[Black "Szczepkowska, Karina"]
[Result "1/2-1/2"]
[WhiteElo "2581"]
[BlackElo "2426"]
[Annotator "TA"]
[PlyCount "111"]
[EventDate "2019.01.10"]
[EventType "swiss"]
[EventCountry "GGB"]
[SourceTitle "playchess.com"]
[Source "ChessBase"]
[SourceQuality "1"]

1. c4 Nf6 2. g3 e6 3. Bg2 d5 4. d4 Bb4+ 5. Nd2 O-O 6. Ngf3 dxc4 7. Qc2 c5 8. dxc5 c3 9. bxc3 Bxc5 10. Nb3 Be7 11. O-O Nc6 12. Nfd4 Bd7 13. Nxc6 Bxc6 14. Bxc6 bxc6 15. c4 c5 16. Bd2 Qc8 17. e4 Nd7 18. f4 e5 19. Rad1 exf4 20. gxf4 Nb6 21. f5 f6 22. Bf4 Qa6 23. Rc1 Rad8 24. Rf3 Rf7 25. Rh3 Bf8 26. Qe2 Rfd7 27. e5 fxe5 28. Bxe5 Nc8 29. Bc3 Rf7 30. Qh5 h6 31. Na5 Be7 32. Re1 Qb6 33. Qg6 Rd6 34. Qg4 Rd8 35. Rhe3 Bg5 36. Re6 Qc7 37. Nc6 Rdf8 38. Be5 Qd7 39. Rd1 Qb7 40. h4 Rxf5 41. Rg6 Be3+ 42. Kg2 Rf2+ 43. Kh1 R2f7 44. Qe6 Kh7 45. Rxg7+ Rxg7 46. Bxg7 Qxg7 47. Qe4+ Kh8 48. Qxe3 Rg8 49. Qe5 Nb6 50. Rd6 Kh7 51. Qf5+ Kh8 52. Qf6 Kh7 53. Qf5+ Kh8 54. Qe5 Kh7 55. Qe4+ Kh8 56. Qe5 1/2-1/2